Регионална библиотека "Любен Каравелов" - Русе

Видинският край (Запис номер 398940)

MARC детайли
000 -Лидер
Контролно поле с фиксирана дължина nkm a22 a 4500
003 - Код на организацията, давaща контролен номер
Контролно поле BLK
005 - Дата и час на последна редакция
Контролно поле 20210218101843.0
008 - Елементи от данни с фиксирана дължина
fixed length control field 200806b bul|||||r ||||||| ||bul||
040 ## - Източник на каталожния запис
Идентификатор на билиотеката - собственик на записа BLK
041 ## - Код за език
Код за езика на текст/звукозапис или на отделно заглавие Български
-- Руски
-- Немски
Код за езика КДБФ Български
080 ## - УДК
Текстов определител УДК Краезнание
УДК код - определител по УДК 908
УДК определител (497.212)(084)
УДК - код + определител 908(497.212)(084)
080 ## - УДК
Текстов определител УДК География на България
УДК код - определител по УДК 913(497.2)
УДК определител -31(084)
УДК - код + определител 913(497.2)-31(084)
139 ## - Редно поле
Редна дума Видинският край
245 10 - Сведения за заглавието
Заглавие Видинският край
Редно поле (дума) снимки Боян Иванов и др.; състав. Тома ВасилевТомов и др.; ред. Йорданка Кирилова и др.; авт. на предг. Лъчезар Еленков; прев. на рус. Райчо Колев Русев; прев. нем. ез. Милка Георгиева Фингова
Подзаглавни данни Албум
246 ## - Различни форми на заглавието
Паралелно заглавие Видинский край
246 ## - Различни форми на заглавието
Паралелно заглавие Der Raum Widin
250 ## - Област на изданието
Сведения за изданието 2. изд.
257 ## - Страна на издаване
Страна на създаване/издаване България
260 ## - Област на издателските данни
Място на издаване, разпространение и проч. София
Име на издателя, разпространителя и проч. Септември
Година на издаване 1988
9 (RLIN) 210539
Издателство - префикс ISBN 954-406-
300 ## - Физическа характеристика
Страници 1 албум (144 с.)
Илюстрации и др. с цв. фотогр.
Размери/Мащаб 28 см
380 ## - Жанр
Жанр География
500 ## - Общи забележки
Забележка Възприета форма на името на втория авт. е Харалампи Цветков Яръмов; Пълното име на втория състав. е Ненчо Славчев Петров, а на авт. на предг. - Лъчезар Еленков Георгиев. - 1. изд. 1984. - 5 116 тир. - Паралел. текст на немски и руски ез.
650 #0 - Допълнително описание по предмет – тема
Основно описание – тема или топоним Видински край - история
9 (RLIN) 254352
651 #7 - Допълнително описание по предмет - топоним
9 (RLIN) 178706
Географско понятие Видинско
653 #7 - Ключова дума – ненормативна
Ключова дума албуми
9 (RLIN) 189308
700 ## - Други автори (авторска отговорност)
9 (RLIN) 402375
Лично име Иванов, Боян
Автороска отговорност (Описва отношението между автора и произведението) снимки
700 ## - Други автори (авторска отговорност)
9 (RLIN) 441831
Лично име Яръмов, Хари
Звания и думи, свързани с автора Яръмов, Харалампи Цветков
Автороска отговорност (Описва отношението между автора и произведението) снимки
700 1# - Други автори (авторска отговорност)
9 (RLIN) 130124
Лично име Томов, Тома Василев
Автороска отговорност (Описва отношението между автора и произведението) състав.
700 1# - Други автори (авторска отговорност)
9 (RLIN) 121377
Лично име Славчев, Ненчо
Автороска отговорност (Описва отношението между автора и произведението) състав.
700 ## - Други автори (авторска отговорност)
9 (RLIN) 387102
Лично име Кирилова, Йорданка
Автороска отговорност (Описва отношението между автора и произведението) ред.
700 ## - Други автори (авторска отговорност)
9 (RLIN) 379901
Лично име Вучева, Татяна Иванова
Автороска отговорност (Описва отношението между автора и произведението) ред.
700 ## - Други автори (авторска отговорност)
9 (RLIN) 401063
Лично име Еленков, Лъчезар
Автороска отговорност (Описва отношението между автора и произведението) предг.
700 ## - Други автори (авторска отговорност)
9 (RLIN) 1007
Лично име Русев, Райчо Колев
Автороска отговорност (Описва отношението между автора и произведението) прев. на рус.
700 ## - Други автори (авторска отговорност)
9 (RLIN) 999
Лично име Фингова, Милка Георгиева
Автороска отговорност (Описва отношението между автора и произведението) прев. на нем.
852 ## - Местоположение
Форматна сигнатура Цб ІІ 25870
Фондова буква Хранилище
999 ## - СИСТЕМНИ КОНТРОЛНИ НОМЕРА
Koha biblionumber 398940
Koha biblioitemnumber 398940
942 ## - АРТИКУЛИ
Вид на библиотечния материал Графични издания
Скрит в OPAC Не
Периодичен библиозапис Да
944 ## - СЪЗДАВАНЕ И РЕДАКЦИЯ на ЗАПИСА
Създаване/Редакция Създаване
Служител, извършил регистрацията/редакцията СТ
Дата на регистрацията/редакция 2021-02-18
Наличности
Код за отписване Код за изгубен артикул Източник на класификационната схема Код за повреда Коз за рестрикции Код за отдаване Артикулен № Име на библиотеката - собственик Име на библиотеката, в която се намира в момента Статус (Текущо местоположение) Дата на вписване в системата Местоположение - отдел Цена в лева Инвентарен номер Систематично азбучна сигнатура Баркод Цена в евро Служебен тип на артикула
  Не е изгубен Universal Decimal Classification Не е повреден само за читалня ползва се в читалня 812857 Регионална библиотека "Любен Каравелов" Русе Регионална библиотека "Любен Каравелов" Русе Хранилище 2021-02-18 Хранилище 4.26 508763 Цб ІІ 25870 120000508763 2.18 Графични издания
Vip Innovations Ltd, Rousse, Bulgaria 2025